书目信息 |
| 题名: |
诗意食谱
|
|
| 作者: | 莫斯 著 ;曾绪 译 | |
| 分册: | ||
| 出版信息: | 成都 四川人民出版社 2021 |
|
| 页数: | 18,220页 | |
| 开本: | 19cm | |
| 丛书名: | 经典自然文学译丛 | |
| 单 册: | ||
| 中图分类: | TS972.187.12 , I712.25 , TS972.18 | |
| 科图分类: | ||
| 主题词: | 菜谱--美国 , 诗集--美国--现代 | |
| 电子资源: | ||
| ISBN: | 978-7-220-12294-1 | |
| 000 | 00918nam0 2200301 450 | |
| 001 | 2375768240 | |
| 005 | 20231119210304.02 | |
| 010 | @a978-7-220-12294-1@dCNY49.80 | |
| 100 | @a20210820d2021 em y0chiy50 ea | |
| 101 | 1 | @achi@ceng |
| 102 | @aCN@b510000 | |
| 105 | @aa z 000yy | |
| 200 | 1 | @a诗意食谱@Ashi yi shi pu@dA poetical cook-book@e花之宴@f(美)玛丽亚·J. 莫斯著@g曾绪[等]译@zeng |
| 210 | @a成都@c四川人民出版社@d2021 | |
| 215 | @a18,220页@C图@d19cm | |
| 225 | 1 | @a经典自然文学译丛 |
| 304 | @a译者还有:刘虹邑、杨喬羽、冯馨莹 | |
| 461 | 0 | @12001 @a经典自然文学译丛 |
| 510 | 1 | @aPoetical cook-book@zeng |
| 606 | 0 | @a菜谱@y美国 |
| 606 | 0 | @a诗集@y美国@z现代 |
| 690 | @aTS972.187.12@v5 | |
| 690 | @aI712.25@v5 | |
| 690 | @aTS972.18@v4 | |
| 701 | 0 | @c(美)@a莫斯@Amo si@c(Moss, Maria J.)@4著 |
| 702 | 0 | @a曾绪@Azeng xu@4译 |
| 801 | 0 | @aCN@b山东中教@c20231119 |
| 905 | @aBZT@dTS972.18@e12 | |
| 诗意食谱=A poetical cook-book:花之宴/(美)玛丽亚·J. 莫斯著/曾绪[等]译.-成都:四川人民出版社,2021 |
| 18,220页;19cm.-(经典自然文学译丛) |
| ISBN 978-7-220-12294-1:CNY49.80 |
| ● |
| 相关链接 |
|
|
|
正题名:诗意食谱
索取号:TS972.18/12
 
预约/预借
| 序号 | 登录号 | 条形码 | 馆藏地/架位号 | 状态 | 备注 |
| 1 | 2000986743 | 2000986743 | 中教第一批/山东中教(第一批)/338/ [索取号:TS972.18/12] | 在馆 |